[Event "EU-ch Cities&Town op"]
[Site "Tornelo INT"]
[Date "2023.01.29"]
[Round "?"]
[White "Massoni, Michael"]
[Black "Manolache, Marius"]
[Result "0-1"]
[WhiteElo "2322"]
[BlackElo "2454"]
[PlyCount "64"]
[EventDate "2023.01.29"]
[EventType "team-swiss"]
[EventRounds "9"]
[EventCountry "NET"]
[SourceTitle "CBM 212 Extra"]
[Source "ChessBase"]
[SourceDate "2023.03.31"]
[SourceVersion "1"]
[SourceVersionDate "2023.03.31"]
[SourceQuality "1"]
[WhiteTeam "Corsica"]
[BlackTeam "Galati CSM"]
[WhiteTeamCountry "FRA"]
[BlackTeamCountry "ROU"]

1. e4 c5 2. Nf3 e6 3. d4 cxd4 4. Nxd4 Nc6 5. Nc3 Qc7 6. Be2 a6 7. 0-0 Nf6 8. Be3 b5 9. f4 b4 10. Na4 Bb7 11. Bf3 Rb8 12. c4 d6 13. Rc1 Be7 14. c5 d5 15. exd5 exd5 16. Kh1 0-0 17. Nf5 Rfe8 18. Nb6 Rbd8 19. Qd3 Bf8 20. Bd4 Nxd4 21. Qxd4 a5 22. a3 bxa3 23. bxa3 Bc6 24. Qd2 d4 25. Qxa5 Bxf3 26. Rxf3 d3 27. Rff1 d2 28. Rcd1 Ne4 29. Ng3 Nxg3+ 30. hxg3 Bxc5 31. Nc4 Qc6 32. Rxd2 Qh6# 0-1

[Event "EU-chT Cities&Town op rapid"]
[Site "Tornelo INT"]
[Date "2023.01.29"]
[Round "1.9"]
[White "Massoni, Michael"]
[Black "Melikhov, Evgeny V"]
[Result "1/2-1/2"]
[WhiteElo "2322"]
[BlackElo "2269"]
[PlyCount "96"]
[EventDate "2023.01.29"]
[EventType "team-swiss (rapid)"]
[EventRounds "9"]
[EventCountry "NET"]
[SourceTitle "EXT 2024"]
[Source "ChessBase"]
[SourceDate "2023.10.10"]
[SourceVersion "1"]
[SourceVersionDate "2023.10.10"]
[SourceQuality "1"]
[WhiteTeam "Corsica"]
[BlackTeam "Ioannina"]
[WhiteTeamCountry "FRA"]
[BlackTeamCountry "GRE"]

1. e4 e5 2. Nf3 Nc6 3. d4 exd4 4. Bc4 Nf6 5. 0-0 Nxe4 6. Re1 d5 7. Bxd5 Qxd5 8. Nc3 Qa5 9. Nxe4 Be6 10. Bd2 Qb5 11. Bg5 h6 12. Bh4 Qxb2 13. Rb1 Qxa2 14. Nxd4 Qd5 15. Nxe6 Qxd1 16. Nxc7+ Kd7 17. Rexd1+ Kxc7 18. Bg3+ Kc8 19. Bd6 f5 20. Bxf8 fxe4 21. Bxg7 Rh7 22. Bf6 Rf7 23. Bh4 a5 24. Re1 a4 25. Rxe4 Ra5 26. Re8+ Kd7 27. Re3 b5 28. Rd3+ Kc8 29. Rd5 Rd7 30. Rxd7 Kxd7 31. Bf6 b4 32. g4 Rc5 33. Ra1 a3 34. c3 bxc3 35. Rxa3 c2 36. Bb2 c1Q+ 37. Bxc1 Rxc1+ 38. Kg2 Ke6 39. Rh3 Ne5 40. Rxh6+ Kf7 41. h3 Ng6 42. Rh7+ Kf6 43. Ra7 Rc3 44. Ra4 Nh4+ 45. Kh2 Nf3+ 46. Kg2 Nh4+ 47. Kh2 Nf3+ 48. Kg2 Nh4+ 1/2-1/2

[Event "EU-ch Cities&Town op"]
[Site "Tornelo INT"]
[Date "2023.01.29"]
[Round "?"]
[White "Nguyen, Thai Dai Van"]
[Black "Massoni, Michael"]
[Result "1-0"]
[WhiteElo "2656"]
[BlackElo "2322"]
[PlyCount "39"]
[EventDate "2023.01.29"]
[EventType "team-swiss"]
[EventRounds "9"]
[EventCountry "NET"]
[SourceTitle "CBM 212 Extra"]
[Source "ChessBase"]
[SourceDate "2023.03.31"]
[SourceVersion "1"]
[SourceVersionDate "2023.03.31"]
[SourceQuality "1"]
[WhiteTeam "Praha op"]
[BlackTeam "Corsica"]
[WhiteTeamCountry "CZE"]
[BlackTeamCountry "FRA"]

1. Nf3 Nf6 2. c4 g6 3. Nc3 d5 4. cxd5 Nxd5 5. h4 Nf6 6. e4 Bg7 7. d4 0-0 8. Bc4 Bg4 9. e5 Nfd7 10. h5 c5 11. hxg6 hxg6 12. e6 fxe6 13. Ng5 Bxd1 14. Bxe6+ Rf7 15. Bxf7+ Kf8 16. Ne6+ Kxf7 17. Nxd8+ Kg8 18. Nxd1 Nc6 19. Nxc6 bxc6 20. dxc5 1-0

[Event "Mitropa Cup"]
[Site "Corte"]
[Date "2022.05.02"]
[Round "3.2"]
[White "Nemeth, Miklos"]
[Black "Massoni, Michael"]
[Result "1-0"]
[WhiteElo "2451"]
[BlackElo "2339"]
[PlyCount "137"]
[EventDate "2022.04.30"]
[EventType "team-tourn"]
[EventRounds "9"]
[EventCountry "FRA"]
[SourceTitle "CBM 208 Extra"]
[Source "ChessBase"]
[SourceDate "2022.07.31"]
[SourceVersion "1"]
[SourceVersionDate "2022.07.31"]
[SourceQuality "1"]
[WhiteTeam "Hungary"]
[BlackTeam "Corsica"]
[WhiteTeamCountry "HUN"]
[BlackTeamCountry "FRA"]

1. e4 c5 2. Nf3 e6 3. d4 cxd4 4. Nxd4 Nc6 5. Nc3 d6 6. Be3 Nf6 7. Be2 Be7 8. 0-0 0-0 9. a4 Bd7 10. f4 Nxd4 11. Qxd4 Bc6 12. Bf3 Nd7 13. Qd2 a6 14. a5 Qc7 15. Rfd1 Rfe8 16. Ne2 Nf6 17. Ng3 d5 18. e5 Nd7 19. Bd4 f6 20. exf6 Bxf6 21. Nh5 e5 22. Bxe5 Bxe5 23. Bxd5+ Kh8 24. Bxc6 Qxc6 25. fxe5 Nxe5 26. Qg5 Ng6 27. Rd2 Re5 28. Rd8+ Rxd8 29. Qxd8+ Re8 30. Qd4 Re5 31. Nf4 Nxf4 32. Qxf4 Re8 33. c3 h6 34. Qf2 Qb5 35. b4 Qd3 36. Re1 Rc8 37. Re3 Qd1+ 38. Qf1 Qc2 39. Qe1 Kh7 40. h3 Rd8 41. Kh2 Rd1 42. Qh4 Rc1 43. Qe7 Qb1 44. Qe6 Rh1+ 45. Kg3 Rc1 46. Qe5 Qg6+ 47. Kh2 Qb1 48. Qh5 Rh1+ 49. Kg3 Rc1 50. Qf3 Qg6+ 51. Qg4 Qd6+ 52. Qf4 Qg6+ 53. Kh2 Qb1 54. Qg4 Rh1+ 55. Kg3 Rc1 56. Qe6 Qc2 57. h4 Qb1 58. h5 Rh1 59. Qd5 Rd1 60. Qf7 Qc2 61. Qxb7 Qf5 62. Qe4 Qxe4 63. Rxe4 Rd3+ 64. Kf4 Rxc3 65. g4 Kg8 66. Ke5 Kf7 67. Kd5 Rc2 68. Rc4 Rd2+ 69. Ke4 1-0

[Event "Corsica Coca Cola blitz op"]
[Site "Bastia"]
[Date "2017.10.24"]
[Round "3"]
[White "Fier, Alexandr"]
[Black "Massoni, Michael"]
[Result "0-1"]
[WhiteElo "2573"]
[BlackElo "2352"]
[PlyCount "110"]
[EventDate "2017.10.24"]
[EventType "swiss (blitz)"]
[EventRounds "9"]
[EventCountry "FRA"]
[SourceTitle "CBM 181 Extra"]
[Source "ChessBase"]
[SourceDate "2017.12.12"]
[SourceVersion "1"]
[SourceVersionDate "2017.12.12"]
[SourceQuality "1"]

1. d4 Nf6 2. c4 g6 3. g3 Bg7 4. Bg2 d5 5. cxd5 Nxd5 6. e4 Nb6 7. Ne2 0-0 8. 0-0 Nc6 9. d5 Na5 10. Nbc3 c6 11. h3 cxd5 12. exd5 Nac4 13. b3 Nd6 14. Bb2 Bf5 15. Nd4 Rc8 16. Rc1 a6 17. Re1 Rc5 18. Qd2 Bd7 19. Ba3 Rc8 20. Bb4 Re8 21. g4 Nb5 22. Ncxb5 Bxb5 23. Rxc8 Nxc8 24. Nxb5 axb5 25. Qd3 Qd7 26. Qe3 Bf6 27. g5 Bg7 28. h4 Nd6 29. Bh3 Nf5 30. Qe4 e6 31. Bxf5 gxf5 32. Qf3 e5 33. h5 e4 34. Qh3 Qxd5 35. h6 Bd4 36. Bc3 f4 37. Bxd4 Qxd4 38. Qf5 Qe5 39. Qg4 e3 40. f3 e2 41. Kg2 Qe3 42. Qf5 Qe5 43. Qg4 Rd8 44. Kh3 Re8 45. Kh4 Qe6 46. Qxf4 Qd5 47. Qf6 Qe5 48. Qxe5 Rxe5 49. Kg4 f6 50. f4 Re3 51. gxf6 Kf7 52. Kg5 b4 53. Kf5 b5 54. Kg5 Re8 55. f5 Re4 0-1

[Event "Corsica Coca Cola blitz op"]
[Site "Bastia"]
[Date "2017.10.24"]
[Round "7"]
[White "Massoni, Michael"]
[Black "Lubbe, Nikolas"]
[Result "1-0"]
[WhiteElo "2352"]
[BlackElo "2515"]
[PlyCount "69"]
[EventDate "2017.10.24"]
[EventType "swiss (blitz)"]
[EventRounds "9"]
[EventCountry "FRA"]
[SourceTitle "CBM 181 Extra"]
[Source "ChessBase"]
[SourceDate "2017.12.12"]
[SourceVersion "1"]
[SourceVersionDate "2017.12.12"]
[SourceQuality "1"]

1. e4 c5 2. Nf3 Nc6 3. Nc3 Nf6 4. d4 cxd4 5. Nxd4 d6 6. Be2 e5 7. Nf3 h6 8. 0-0 Be7 9. h3 0-0 10. Re1 Be6 11. Bf1 a6 12. a4 Rc8 13. b3 Nb4 14. Bb2 Rc7 15. Nd2 Qc8 16. Nc4 Bxc4 17. Bxc4 Rxc4 18. bxc4 Qxc4 19. Rc1 Rc8 20. Qf3 Nc6 21. Qg3 Nd4 22. Kh1 Bd8 23. Nd1 Ba5 24. Ne3 Qa2 25. Bxd4 Nxe4 26. Qf3 Bxe1 27. Rxe1 exd4 28. Nf5 Rxc2 29. Qxe4 Rxf2 30. Qg4 g6 31. Nxh6+ Kh7 32. Qh4 Kg7 33. Ng4 Re2 34. Qh6+ Kg8 35. Nf6# 1-0

[Event "Corsica Masters op 21st"]
[Site "Bastia"]
[Date "2017.10.21"]
[Round "1"]
[White "Massoni, Michael"]
[Black "Dreev, Alexey"]
[Result "0-1"]
[WhiteElo "2352"]
[BlackElo "2652"]
[PlyCount "56"]
[EventDate "2017.10.21"]
[EventType "swiss"]
[EventRounds "9"]
[EventCountry "FRA"]
[SourceTitle "CBM 181 Extra"]
[Source "ChessBase"]
[SourceDate "2017.12.12"]
[SourceVersion "1"]
[SourceVersionDate "2017.12.12"]
[SourceQuality "1"]

1. e4 c6 2. Nc3 d5 3. Nf3 Bg4 4. h3 Bxf3 5. Qxf3 e6 6. g3 Nf6 7. Bg2 Bb4 8. 0-0 0-0 9. d3 Nbd7 10. a3 Bxc3 11. bxc3 dxe4 12. dxe4 Qa5 13. g4 Nc5 14. Qe3 e5 15. f4 exf4 16. Rxf4 Rae8 17. c4 Nfd7 18. Rf5 Qb6 19. a4 Nxe4 20. Qxb6 axb6 21. Ba3 Nec5 22. Rb1 g6 23. Rxc5 Nxc5 24. Rxb6 Re5 25. Bxc5 Rxc5 26. Rxb7 Rd8 27. Rc7 Rd1+ 28. Kh2 Rd2 0-1

[Event "Calvi Balagne rapid KO 12th"]
[Site "Calvi"]
[Date "2015.05.25"]
[Round "11.2"]
[White "Massoni, Michael"]
[Black "Bacrot, Etienne"]
[Result "0-1"]
[WhiteElo "2393"]
[BlackElo "2704"]
[PlyCount "60"]
[EventDate "2015.05.24"]
[EventType "k.o. (rapid)"]
[EventRounds "14"]
[EventCountry "FRA"]
[SourceTitle "EXT 2016"]
[Source "ChessBase"]
[SourceDate "2015.10.08"]
[SourceVersion "1"]
[SourceVersionDate "2015.10.08"]
[SourceQuality "1"]

1. d4 Nf6 2. c4 e6 3. Nc3 d5 4. cxd5 exd5 5. Bg5 c6 6. Qc2 Be7 7. e3 Nbd7 8. Bd3 Nh5 9. Bxe7 Qxe7 10. Nge2 Nhf6 11. 0-0 0-0 12. Rab1 Re8 13. b4 a6 14. Rfe1 Nf8 15. Ng3 h5 16. Na4 h4 17. Nf5 Bxf5 18. Bxf5 g6 19. Bd3 Ne4 20. f3 Nd6 21. h3 Qg5 22. Qf2 Re7 23. e4 Ne6 24. Kh1 Nf4 25. Bc2 Rae8 26. e5 f6 27. Nc3 fxe5 28. dxe5 Rxe5 29. Rxe5 Rxe5 30. Rd1 Nb5 0-1

[Event "Corsica Masters op 18th"]
[Site "Bastia"]
[Date "2014.10.18"]
[Round "6"]
[White "Horvath, Adam"]
[Black "Massoni, Michael"]
[Result "1-0"]
[WhiteElo "2539"]
[BlackElo "2338"]
[PlyCount "43"]
[EventDate "2014.10.18"]
[EventType "swiss"]
[EventRounds "9"]
[EventCountry "FRA"]
[SourceTitle "EXT 2015"]
[Source "ChessBase"]
[SourceDate "2014.11.20"]
[SourceVersion "1"]
[SourceVersionDate "2014.11.20"]
[SourceQuality "1"]

1. e4 c5 2. Nf3 e6 3. d4 cxd4 4. Nxd4 Nc6 5. Nc3 Qc7 6. Be2 a6 7. 0-0 Nf6 8. Kh1 b5 9. Nxc6 dxc6 10. a3 e5 11. Qd3 Bb7 12. f4 Bd6 13. Qg3 Kf8 14. Be3 c5 15. Rad1 Re8 16. f5 b4 17. Nd5 Nxe4 18. Nxc7 Nxg3+ 19. hxg3 Bxc7 20. Bxc5+ Kg8 21. Rd7 Rc8 22. Bc4 1-0

[Event "Cappelle op 30th"]
[Site "Cappelle la Grande"]
[Date "2014.03.04"]
[Round "5"]
[White "Massoni, Michael"]
[Black "Lagarde, Maxime"]
[Result "0-1"]
[WhiteElo "2341"]
[BlackElo "2514"]
[PlyCount "78"]
[EventDate "2014.03.01"]
[EventType "swiss"]
[EventRounds "9"]
[EventCountry "FRA"]
[SourceTitle "CBM 159 Extra"]
[Source "ChessBase"]
[SourceDate "2014.04.24"]
[SourceVersion "1"]
[SourceVersionDate "2014.04.24"]
[SourceQuality "1"]

1. e4 c5 2. Nf3 d6 3. d4 cxd4 4. Nxd4 Nf6 5. Nc3 Nc6 6. Be2 e6 7. 0-0 Be7 8. Be3 0-0 9. f4 Bd7 10. Qe1 Nxd4 11. Bxd4 Bc6 12. Bd3 e5 13. fxe5 Ng4 14. e6 fxe6 15. Qg3 Ne5 16. Bxe5 dxe5 17. Qxe5 Qd6 18. Qxd6 Bxd6 19. g3 Be5 20. Rxf8+ Kxf8 21. Kf2 Ke7 22. Ke2 a6 23. Rf1 h5 24. Rf2 h4 25. g4 h3 26. Nd1 Rh8 27. c3 Rh4 28. Kf3 Kf6 29. Rd2 Kg5 30. Nf2 Bxh2 31. Bc4 Bf4 32. Rd1 e5 33. Bd5 Bd7 34. Bxb7 Bxg4+ 35. Nxg4 Rxg4 36. Bc8 Rg3+ 37. Kf2 Kh4 38. c4 h2 39. Rh1 Rg1 0-1

[Event "Cappelle op 30th"]
[Site "Cappelle la Grande"]
[Date "2014.03.01"]
[Round "1"]
[White "Massoni, Michael"]
[Black "Danin, Alexandre"]
[Result "0-1"]
[WhiteElo "2341"]
[BlackElo "2606"]
[PlyCount "44"]
[EventDate "2014.03.01"]
[EventType "swiss"]
[EventRounds "9"]
[EventCountry "FRA"]
[SourceTitle "CBM 159 Extra"]
[Source "ChessBase"]
[SourceDate "2014.04.24"]
[SourceVersion "1"]
[SourceVersionDate "2014.04.24"]
[SourceQuality "1"]

1. e4 e6 2. Nf3 d5 3. Nc3 Nf6 4. e5 Nfd7 5. d4 c5 6. dxc5 Nc6 7. Bf4 Bxc5 8. Bd3 f6 9. exf6 Nxf6 10. Qe2 0-0 11. 0-0-0 Qa5 12. Kb1 Bd7 13. Ne5 Rae8 14. g4 Bd4 15. g5 Nxe5 16. Bxe5 Bxe5 17. Qxe5 Ng4 18. Qg3 Nxf2 19. Qh4 g6 20. Bxg6 hxg6 21. Qh6 Re7 22. Rhf1 Be8 0-1

[Event "Andorra op 31st"]
[Site "La Massana"]
[Date "2013.07.22"]
[Round "3"]
[White "Massoni, Michael"]
[Black "Vazquez Igarza, Renier"]
[Result "0-1"]
[WhiteElo "2373"]
[BlackElo "2571"]
[PlyCount "54"]
[EventDate "2013.07.20"]
[EventType "swiss"]
[EventRounds "9"]
[EventCountry "AND"]
[SourceTitle "CBM 155 Extra"]
[Source "ChessBase"]
[SourceDate "2013.08.26"]
[SourceVersion "1"]
[SourceVersionDate "2013.08.26"]
[SourceQuality "1"]

1. e4 c5 2. Nf3 e6 3. d4 cxd4 4. Nxd4 Nc6 5. Nc3 Qc7 6. Be2 Nf6 7. 0-0 Be7 8. Be3 0-0 9. f4 d6 10. Qe1 Bd7 11. Qg3 Nxd4 12. Bxd4 Bc6 13. e5 dxe5 14. Bxe5 Qa5 15. Kh1 Rad8 16. Bd3 Nh5 17. Qh3 g6 18. Rae1 Bf6 19. Re3 Bg7 20. Be2 Rd2 21. Ne4 Bxe4 22. Rxe4 Nf6 23. Bc3 Qxa2 24. Rxe6 Rxc2 25. Re7 Nd5 26. Bxg7 Kxg7 27. Re5 Nf6 0-1

[Event "Corsica-ch"]
[Site "Bastia"]
[Date "2013.07.05"]
[Round "7"]
[White "Massoni, Michael"]
[Black "Utrera, Ludovic"]
[Result "1-0"]
[WhiteElo "2371"]
[BlackElo "2037"]
[PlyCount "91"]
[EventDate "2013.06.29"]
[EventType "tourn"]
[EventRounds "7"]
[EventCountry "FRA"]
[SourceTitle "EXT 2014"]
[Source "ChessBase"]
[SourceDate "2013.11.20"]
[SourceVersion "1"]
[SourceVersionDate "2013.11.20"]
[SourceQuality "1"]

1. d4 d5 2. c4 e6 3. Nc3 Nf6 4. cxd5 exd5 5. Bg5 Be7 6. Qc2 0-0 7. e3 h6 8. Bh4 c5 9. dxc5 Nc6 10. Nf3 Be6 11. Be2 Qa5 12. 0-0 Qxc5 13. Rfd1 Rac8 14. Rac1 Ne4 15. Bxe7 Nxe7 16. Qb1 Nxc3 17. Rxc3 Qa5 18. Ra3 Qb6 19. Nd4 Nc6 20. Rb3 Qc7 21. Rc3 Qe7 22. Nxc6 bxc6 23. Bf3 Rfd8 24. b4 Rb8 25. Rxc6 Rxb4 26. Qc1 Rc4 27. Rxc4 dxc4 28. Rxd8+ Qxd8 29. Be2 Qa5 30. a3 c3 31. f3 Qc5 32. Kf2 f5 33. g3 g5 34. Bd3 f4 35. gxf4 gxf4 36. Ke2 Qxe3+ 37. Qxe3 fxe3 38. Bc2 Kf7 39. Kxe3 Kf6 40. Kd4 Bf5 41. Kxc3 Bxc2 42. Kxc2 Kf5 43. Kd3 Kf4 44. Ke2 h5 45. Kf2 h4 46. Ke2 1-0

[Event "Corsica-ch"]
[Site "Bastia"]
[Date "2013.07.04"]
[Round "5"]
[White "Massoni, Michael"]
[Black "Guyon, Pascal"]
[Result "1-0"]
[WhiteElo "2371"]
[BlackElo "1853"]
[PlyCount "115"]
[EventDate "2013.06.29"]
[EventType "tourn"]
[EventRounds "7"]
[EventCountry "FRA"]
[SourceTitle "EXT 2014"]
[Source "ChessBase"]
[SourceDate "2013.11.20"]
[SourceVersion "1"]
[SourceVersionDate "2013.11.20"]
[SourceQuality "1"]

1. e4 c5 2. Nc3 Nc6 3. Nge2 Nf6 4. d4 cxd4 5. Nxd4 d6 6. Be2 g6 7. 0-0 Bg7 8. Nb3 a6 9. Be3 0-0 10. f4 Qc7 11. Bf3 Rb8 12. a4 Na5 13. Nxa5 Qxa5 14. Qd2 Qc7 15. Kh1 b6 16. e5 dxe5 17. fxe5 Ng4 18. Nd5 Qd8 19. Bg5 f6 20. exf6 exf6 21. Bf4 Ne5 22. Qb4 a5 23. Qa3 Rb7 24. Rad1 Rd7 25. Qb3 Kh8 26. Nxb6 Rxd1 27. Rxd1 Qe7 28. Nd5 Qe6 29. Qe3 Nxf3 30. Qxe6 Bxe6 31. gxf3 Rc8 32. Ne3 g5 33. Bd6 f5 34. c3 f4 35. Nd5 Rd8 36. Nb6 Kg8 37. c4 Bxb2 38. c5 Ba3 39. Rg1 h6 40. h4 Kf7 41. hxg5 hxg5 42. Rxg5 Rh8+ 43. Kg2 Rg8 44. Rxg8 Kxg8 45. Kf2 Kf7 46. Ke2 Kf6 47. Kd3 Kf5 48. Nc4 Bb4 49. Kd4 Bd7 50. Bc7 Bxa4 51. Bxa5 Ba3 52. Nxa3 Bc6 53. Bc7 Bxf3 54. Nc4 Ba8 55. Ne5 Ke6 56. Bd6 f3 57. Nd3 Kf5 58. Ke3 1-0

[Event "Corsica-ch"]
[Site "Bastia"]
[Date "2013.07.02"]
[Round "3"]
[White "Luciani, Thibault"]
[Black "Massoni, Michael"]
[Result "1-0"]
[WhiteElo "2089"]
[BlackElo "2371"]
[PlyCount "55"]
[EventDate "2013.06.29"]
[EventType "tourn"]
[EventRounds "7"]
[EventCountry "FRA"]
[SourceTitle "EXT 2014"]
[Source "ChessBase"]
[SourceDate "2013.11.20"]
[SourceVersion "1"]
[SourceVersionDate "2013.11.20"]
[SourceQuality "1"]

1. d4 Nf6 2. c4 c5 3. d5 e6 4. Nc3 exd5 5. cxd5 d6 6. e4 g6 7. f4 Bg7 8. Nf3 0-0 9. Be2 Nbd7 10. 0-0 Re8 11. Nd2 c4 12. e5 dxe5 13. Nxc4 Nb6 14. fxe5 Nfxd5 15. Nd6 Nxc3 16. bxc3 Rxe5 17. Nxf7 Qxd1 18. Bxd1 Re8 19. Nd6 Re5 20. Bf4 Be6 21. Bxe5 Bxe5 22. Ne4 Bf5 23. Bb3+ Kh8 24. Rae1 Rc8 25. Ng5 Bf6 26. Nf7+ Kg7 27. Nd6 Rc4 28. Bxc4 1-0

[Event "Corsica-ch"]
[Site "Bastia"]
[Date "2013.07.01"]
[Round "2"]
[White "Massoni, Michael"]
[Black "Battesti, Saveriu"]
[Result "1-0"]
[WhiteElo "2371"]
[BlackElo "2010"]
[PlyCount "49"]
[EventDate "2013.06.29"]
[EventType "tourn"]
[EventRounds "7"]
[EventCountry "FRA"]
[SourceTitle "EXT 2014"]
[Source "ChessBase"]
[SourceDate "2013.11.20"]
[SourceVersion "1"]
[SourceVersionDate "2013.11.20"]
[SourceQuality "1"]

1. d4 Nf6 2. c4 g6 3. Nc3 Bg7 4. Nf3 0-0 5. Bf4 d6 6. e3 Na6 7. Be2 c5 8. h3 Qa5 9. 0-0 Nh5 10. Bg5 cxd4 11. exd4 f6 12. Bd2 e5 13. Nd5 Qd8 14. Nh2 f5 15. Bxh5 gxh5 16. Qxh5 exd4 17. Rae1 Bd7 18. Bg5 Be8 19. Qh4 Qa5 20. Bf6 Qd2 21. Bxg7 Kxg7 22. Re7+ Bf7 23. Qf6+ Kg8 24. Nf3 Qd3 25. Ng5 1-0

[Event "Budapest FS11 IM"]
[Site "Budapest"]
[Date "2012.11.14"]
[Round "11"]
[White "Kislik, Erik Andrew"]
[Black "Massoni, Michael"]
[Result "1-0"]
[WhiteElo "2413"]
[BlackElo "2381"]
[PlyCount "57"]
[EventDate "2012.11.03"]
[EventType "tourn"]
[EventRounds "11"]
[EventCountry "HUN"]
[EventCategory "2"]
[SourceTitle "CBM 151 Extra"]
[Source "ChessBase"]
[SourceDate "2012.12.18"]
[SourceVersion "1"]
[SourceVersionDate "2012.12.18"]
[SourceQuality "1"]

1. Nf3 Nf6 2. c4 g6 3. Nc3 d5 4. cxd5 Nxd5 5. Qb3 Nb6 6. d4 Bg7 7. e4 0-0 8. Be3 Bg4 9. Rd1 Nc6 10. d5 Ne5 11. Be2 Nxf3+ 12. gxf3 Bd7 13. h4 c6 14. h5 cxd5 15. hxg6 hxg6 16. exd5 Bf5 17. Qb4 Rc8 18. Qh4 f6 19. d6 e6 20. Bd3 Bxd3 21. Rxd3 Nc4 22. Bh6 f5 23. Bxg7 Kxg7 24. d7 Rc6 25. Qh6+ Kf7 26. Qh7+ Kf6 27. f4 Nd6 28. Rg1 Rg8 29. Rxg6+ 1-0

[Event "Budapest FS11 IM"]
[Site "Budapest"]
[Date "2012.11.13"]
[Round "10"]
[White "Massoni, Michael"]
[Black "Stigar, Petter"]
[Result "1-0"]
[WhiteElo "2381"]
[BlackElo "2290"]
[PlyCount "155"]
[EventDate "2012.11.03"]
[EventType "tourn"]
[EventRounds "11"]
[EventCountry "HUN"]
[EventCategory "2"]
[SourceTitle "CBM 151 Extra"]
[Source "ChessBase"]
[SourceDate "2012.12.18"]
[SourceVersion "1"]
[SourceVersionDate "2012.12.18"]
[SourceQuality "1"]

1. e4 e5 2. Nf3 Nc6 3. Bb5 a6 4. Ba4 Nf6 5. Qe2 b5 6. Bb3 Be7 7. 0-0 0-0 8. c3 d5 9. d3 h6 10. Rd1 Re8 11. Nbd2 Bf8 12. Nf1 Na5 13. Bc2 c5 14. Ng3 Nc6 15. h3 Be6 16. a4 Qc7 17. axb5 axb5 18. Rxa8 Rxa8 19. exd5 Nxd5 20. Re1 Ra1 21. Bd2 Rxe1+ 22. Qxe1 Nf6 23. Nh4 Qd7 24. Qe2 Qd5 25. Ne4 Nxe4 26. dxe4 Qd8 27. Nf5 c4 28. Be3 Kh7 29. Bc1 g6 30. Ne3 Qg5 31. Kh1 h5 32. Bd2 Qd8 33. Nd5 Bxd5 34. exd5 Qxd5 35. Be4 Qe6 36. Qxh5+ Kg8 37. Qe2 Ne7 38. g4 Nd5 39. Qf3 Nf4 40. Bxf4 exf4 41. Qxf4 Bd6 42. Qf3 Qe5 43. Kg2 Qh2+ 44. Kf1 Qf4 45. Qe2 Kg7 46. Bd5 Bc5 47. Kg2 Bd6 48. Qf3 Qh2+ 49. Kf1 Qf4 50. Ke2 Qe5+ 51. Kd1 f6 52. Qe4 Qh2 53. Qe6 Qxf2 54. Bxc4 bxc4 55. Qxd6 Qf1+ 56. Kc2 Qg2+ 57. Kb1 Qh1+ 58. Kc2 Qg2+ 59. Qd2 Qe4+ 60. Kc1 Qh1+ 61. Qd1 Qe4 62. b4 cxb3 63. Kb2 Qg2+ 64. Kxb3 Qxh3 65. Qd7+ Kf8 66. Kb4 f5 67. Qd8+ Kf7 68. g5 Ke6 69. Qf6+ Kd5 70. c4+ Ke4 71. Qxg6 Qf1 72. Qe6+ Kd4 73. Qd6+ Ke3 74. Qe5+ Kd3 75. g6 Qb1+ 76. Ka5 Qa2+ 77. Kb6 Qb3+ 78. Qb5 1-0

[Event "Barcelona Sants op 14th"]
[Site "Barcelona"]
[Date "2012.08.19"]
[Round "3"]
[White "Munoz Pantoja, Miguel Angel"]
[Black "Massoni, Michael"]
[Result "1/2-1/2"]
[WhiteElo "2496"]
[BlackElo "2368"]
[PlyCount "55"]
[EventDate "2012.08.17"]
[EventType "swiss"]
[EventRounds "10"]
[EventCountry "ESP"]
[SourceTitle "CBM 150 Extra"]
[Source "ChessBase"]
[SourceDate "2012.10.19"]
[SourceVersion "1"]
[SourceVersionDate "2012.10.19"]
[SourceQuality "1"]

1. e4 c5 2. Nf3 e6 3. d4 cxd4 4. Nxd4 Nf6 5. Bd3 Nc6 6. Nxc6 dxc6 7. 0-0 e5 8. Nd2 Be6 9. Qe2 Qc7 10. Nc4 b5 11. Ne3 a6 12. a4 Rb8 13. axb5 axb5 14. Qf3 Bd6 15. Nf5 Bxf5 16. exf5 0-0 17. Be4 Nxe4 18. Qxe4 Bc5 19. Ra6 Rb6 20. Rxb6 Bxb6 21. Be3 Bxe3 22. fxe3 Rd8 23. f6 g6 24. Qh4 Qd6 25. Qh6 Qf8 26. Qg5 Qd6 27. Qh6 Qf8 28. Qg5 1/2-1/2